<?xml version="1.0" encoding="UTF-8"?>
<record
    xmlns:xsi="http://www.w3.org/2001/XMLSchema-instance"
    xsi:schemaLocation="http://www.loc.gov/MARC21/slim http://www.loc.gov/standards/marcxml/schema/MARC21slim.xsd"
    xmlns="http://www.loc.gov/MARC21/slim">

  <leader>01246nam0a22002891  4500</leader>
  <controlfield tag="001">rc\4621018</controlfield>
  <controlfield tag="005">20260407000007.0</controlfield>
  <datafield tag="021" ind1=" " ind2=" ">
    <subfield code="a">RU</subfield>
    <subfield code="b">[61-4006]</subfield>
  </datafield>
  <datafield tag="035" ind1=" " ind2=" ">
    <subfield code="a">(NLR Aleph) 008399506</subfield>
  </datafield>
  <datafield tag="090" ind1=" " ind2=" ">
    <subfield code="a">9227483</subfield>
    <subfield code="c">9227483</subfield>
  </datafield>
  <datafield tag="100" ind1=" " ind2=" ">
    <subfield code="a">20130416d1960    |||y0rusy50      ca</subfield>
  </datafield>
  <datafield tag="101" ind1="0" ind2=" ">
    <subfield code="a">rus</subfield>
  </datafield>
  <datafield tag="102" ind1=" " ind2=" ">
    <subfield code="a">RU</subfield>
  </datafield>
  <datafield tag="105" ind1=" " ind2=" ">
    <subfield code="a">a   b   |||||</subfield>
  </datafield>
  <datafield tag="200" ind1="1" ind2=" ">
    <subfield code="a">&#x410;&#x434;&#x440;&#x438;&#x430;&#x43D; &#x444;&#x430;&#x43D; &#x41E;&#x441;&#x442;&#x430;&#x434;&#x435;</subfield>
    <subfield code="e">&#x412;&#x44B;&#x441;&#x442;&#x430;&#x432;&#x43A;&#x430; &#x43F;&#x440;&#x43E;&#x438;&#x437;&#x432;&#x435;&#x434;&#x435;&#x43D;&#x438;&#x439; &#x445;&#x443;&#x434;&#x43E;&#x436;&#x43D;&#x438;&#x43A;&#x430; &#x43A; 350-&#x43B;&#x435;&#x442;&#x438;&#x44E; &#x441;&#x43E; &#x434;&#x43D;&#x44F; &#x440;&#x43E;&#x436;&#x434;&#x435;&#x43D;&#x438;&#x44F;. [1610-1960]</subfield>
    <subfield code="e">&#x41A;&#x430;&#x442;&#x430;&#x43B;&#x43E;&#x433;-&#x43F;&#x443;&#x442;&#x435;&#x432;&#x43E;&#x434;&#x438;&#x442;&#x435;&#x43B;&#x44C;</subfield>
    <subfield code="f">&#x413;&#x43E;&#x441;. &#x42D;&#x440;&#x43C;&#x438;&#x442;&#x430;&#x436;</subfield>
  </datafield>
  <datafield tag="210" ind1=" " ind2=" ">
    <subfield code="a">&#x41B;&#x435;&#x43D;&#x438;&#x43D;&#x433;&#x440;&#x430;&#x434;</subfield>
    <subfield code="c">&#x418;&#x437;&#x434;-&#x432;&#x43E; &#x413;&#x43E;&#x441;. &#x42D;&#x440;&#x43C;&#x438;&#x442;&#x430;&#x436;&#x430;</subfield>
    <subfield code="d">1960</subfield>
  </datafield>
  <datafield tag="215" ind1=" " ind2=" ">
    <subfield code="a">168 &#x441;.</subfield>
    <subfield code="c">&#x438;&#x43B;.</subfield>
    <subfield code="d">22</subfield>
  </datafield>
  <datafield tag="300" ind1=" " ind2=" ">
    <subfield code="a">&#x41F;&#x435;&#x440;&#x435;&#x434; &#x437;&#x430;&#x433;&#x43B;. &#x430;&#x432;&#x442;.: &#x42E;.&#x418;. &#x41A;&#x443;&#x437;&#x43D;&#x435;&#x446;&#x43E;&#x432;</subfield>
  </datafield>
  <datafield tag="701" ind1=" " ind2="1">
    <subfield code="7">ca</subfield>
    <subfield code="8">rus</subfield>
    <subfield code="a">&#x41A;&#x443;&#x437;&#x43D;&#x435;&#x446;&#x43E;&#x432;</subfield>
    <subfield code="b">&#x42E;. &#x418;.</subfield>
    <subfield code="c">&#x438;&#x441;&#x43A;&#x443;&#x441;&#x441;&#x442;&#x432;&#x43E;&#x432;&#x435;&#x434;</subfield>
    <subfield code="f">1920-1984</subfield>
    <subfield code="g">&#x42E;&#x440;&#x438;&#x439; &#x418;&#x432;&#x430;&#x43D;&#x43E;&#x432;&#x438;&#x447;</subfield>
    <subfield code="3">RU\NLR\AUTH\770281711</subfield>
    <subfield code="9">2653678</subfield>
  </datafield>
  <datafield tag="702" ind1=" " ind2="1">
    <subfield code="a">&#x41E;&#x441;&#x442;&#x430;&#x434;&#x435;</subfield>
    <subfield code="b">&#x410;. &#x444;&#x430;&#x43D;</subfield>
    <subfield code="g">&#x410;&#x434;&#x440;&#x438;&#x430;&#x43D; &#x444;&#x430;&#x43D;</subfield>
    <subfield code="4">570</subfield>
  </datafield>
  <datafield tag="710" ind1="1" ind2="0">
    <subfield code="a">&#x41E;&#x441;&#x442;&#x430;&#x434;&#x435;,</subfield>
    <subfield code="g">&#x410;&#x434;&#x440;&#x438;&#x430;&#x43D; &#x432;&#x430;&#x43D;</subfield>
    <subfield code="h">&#x412;&#x44B;&#x441;&#x442;&#x430;&#x432;&#x43A;&#x430; &#x43F;&#x440;&#x43E;&#x438;&#x437;&#x432;&#x435;&#x434;&#x435;&#x43D;&#x438;&#x439;</subfield>
    <subfield code="f">1960</subfield>
    <subfield code="e">&#x41B;&#x435;&#x43D;&#x438;&#x43D;&#x433;&#x440;&#x430;&#x434;</subfield>
    <subfield code="3">RU\NLR\AUTH\889989937</subfield>
    <subfield code="9">475366</subfield>
  </datafield>
  <datafield tag="801" ind1=" " ind2="0">
    <subfield code="a">RU</subfield>
    <subfield code="b">NLR</subfield>
    <subfield code="g">psbo</subfield>
  </datafield>
  <datafield tag="801" ind1=" " ind2="1">
    <subfield code="a">RU</subfield>
    <subfield code="b">ELAR</subfield>
    <subfield code="2">rusmarc</subfield>
  </datafield>
  <datafield tag="852" ind1=" " ind2=" ">
    <subfield code="a">NLR</subfield>
    <subfield code="j">61-5/676</subfield>
  </datafield>
  <datafield tag="942" ind1=" " ind2=" ">
    <subfield code="c">BOOK</subfield>
  </datafield>
  <datafield tag="980" ind1=" " ind2=" ">
    <subfield code="a">NB</subfield>
  </datafield>
  <datafield tag="995" ind1=" " ind2=" ">
    <subfield code="5">2013-10-26</subfield>
    <subfield code="b">NLR01</subfield>
    <subfield code="c">NLR01</subfield>
    <subfield code="e">RF31</subfield>
    <subfield code="f">1-4227675</subfield>
    <subfield code="k">61-5/676</subfield>
    <subfield code="o">0</subfield>
    <subfield code="r">BOOK</subfield>
    <subfield code="s">615676_</subfield>
  </datafield>
  <datafield tag="995" ind1=" " ind2=" ">
    <subfield code="5">2014-02-12</subfield>
    <subfield code="a">az</subfield>
    <subfield code="b">NLR02</subfield>
    <subfield code="c">NLR02</subfield>
    <subfield code="e">NZ2</subfield>
    <subfield code="f">1-262702</subfield>
    <subfield code="k">&#x41D;&#x437; &#x429;14(4/8)/&#x41E;-760&#x43E;</subfield>
    <subfield code="o">0</subfield>
    <subfield code="p">120.00</subfield>
    <subfield code="r">BOOK</subfield>
    <subfield code="s">_1448760</subfield>
  </datafield>
  <datafield tag="995" ind1=" " ind2=" ">
    <subfield code="5">2014-05-07</subfield>
    <subfield code="b">NLR01</subfield>
    <subfield code="c">NLR01</subfield>
    <subfield code="e">OZ2</subfield>
    <subfield code="f">1-502348</subfield>
    <subfield code="k">&#x41B;1 &#x429;143(4-8)-8/&#x41E;-760-&#x41A;</subfield>
    <subfield code="o">0</subfield>
    <subfield code="p">0.80</subfield>
    <subfield code="r">BOOK</subfield>
    <subfield code="s">1_143488760</subfield>
  </datafield>
  <datafield tag="995" ind1=" " ind2=" ">
    <subfield code="5">2015-04-09</subfield>
    <subfield code="a">au</subfield>
    <subfield code="b">NLR03</subfield>
    <subfield code="c">NLR03</subfield>
    <subfield code="e">UJZ</subfield>
    <subfield code="f">1-851229</subfield>
    <subfield code="k">&#x42E; &#x429;14(4-8)8&#x41E;&#x441;&#x442;&#x430;&#x434;&#x435;/&#x41E;-76</subfield>
    <subfield code="o">0</subfield>
    <subfield code="r">BOOK</subfield>
    <subfield code="s">_1448876</subfield>
  </datafield>
</record>
